[Event "Mittelfranken-chTB1 1617"]
[Site "Mittelfranken"]
[Date "2017.03.05"]
[Round "7.3"]
[White "Boese, Klaus"]
[Black "Fischer, Gerd"]
[Result "1/2-1/2"]
[WhiteElo "1916"]
[BlackElo "1982"]
[PlyCount "61"]
[EventDate "2016.10.23"]
[EventType "team-tourn"]
[EventRounds "9"]
[EventCountry "GER"]
[SourceTitle "EXT 2022"]
[Source "ChessBase"]
[SourceDate "2021.10.06"]
[SourceVersion "1"]
[SourceVersionDate "2021.10.06"]
[SourceQuality "1"]
[WhiteTeam "Bechhofen"]
[BlackTeam "Gunzenhausen"]
[WhiteTeamCountry "GER"]
[BlackTeamCountry "GER"]

1. d4 d5 2. Nf3 Nf6 3. c3 e6 4. Bf4 Bd6 5. Bg3 Ne4 6. Nbd2 Nd7 7. Bxd6 Nxd6 8. Qc2 c5 9. e4 dxe4 10. Nxe4 Nxe4 11. Qxe4 Qb6 12. 0-0-0 Nf6 13. Qe5 0-0 14. Bd3 cxd4 15. Nxd4 Rd8 16. h3 Rd5 17. Qe3 Bd7 18. Nc2 Qa5 19. Bc4 Re5 20. Qd3 Rc8 21. Rhe1 Rxe1 22. Nxe1 Qc5 23. Bb3 Qxf2 24. g4 Qf4+ 25. Kb1 Bc6 26. Bc2 g6 27. Qe2 Qg3 28. Rd3 Qg1 29. Rd1 Qg3 30. Rd3 Qf4 31. Rd4 1/2-1/2

[Event "Mittelfranken-chTB1 1617"]
[Site "Mittelfranken"]
[Date "2016.11.13"]
[Round "2.3"]
[White "Petzold, Vinzenz"]
[Black "Boese, Klaus"]
[Result "1/2-1/2"]
[WhiteElo "1973"]
[BlackElo "1916"]
[PlyCount "66"]
[EventDate "2016.10.23"]
[EventType "team-tourn"]
[EventRounds "9"]
[EventCountry "GER"]
[SourceTitle "EXT 2022"]
[Source "ChessBase"]
[SourceDate "2021.10.06"]
[SourceVersion "1"]
[SourceVersionDate "2021.10.06"]
[SourceQuality "1"]
[WhiteTeam "Nuernberg Zabo Eintracht"]
[BlackTeam "Bechhofen"]
[WhiteTeamCountry "GER"]
[BlackTeamCountry "GER"]

1. d4 Nf6 2. c4 c5 3. d5 e5 4. Nc3 d6 5. e4 Nbd7 6. Bd3 g6 7. Nge2 a6 8. Ng3 Bg7 9. h3 0-0 10. Bg5 h6 11. Be3 Qe7 12. Qd2 Kh7 13. a3 Ng8 14. Qc2 Rb8 15. a4 Qd8 16. Nce2 Qa5+ 17. Bd2 Qd8 18. Ng1 Qe7 19. Nf3 b6 20. h4 h5 21. Be2 Bh6 22. Ng5+ Kg7 23. Bxh5 Ndf6 24. Be2 Nh7 25. Nxh7 Kxh7 26. Bg5 f6 27. Bxh6 Nxh6 28. h5 g5 29. Bd3 a5 30. 0-0-0 Bd7 31. b3 Kg7 32. Kb1 Rh8 33. f3 Rbf8 1/2-1/2

[Event "Regionalliga NO 1415"]
[Site "Bayern"]
[Date "2015.03.15"]
[Round "8.8"]
[White "Boese, Klaus"]
[Black "Staeblein, Christoph"]
[Result "1/2-1/2"]
[WhiteElo "1896"]
[BlackElo "2111"]
[PlyCount "108"]
[EventDate "2014.10.19"]
[EventType "team-tourn"]
[EventRounds "9"]
[EventCountry "GER"]
[SourceTitle "EXT 2018"]
[Source "ChessBase"]
[SourceDate "2017.10.13"]
[SourceVersion "1"]
[SourceVersionDate "2017.10.13"]
[SourceQuality "1"]
[WhiteTeam "Bechhofen"]
[BlackTeam "Forchheim II"]
[WhiteTeamCountry "GER"]
[BlackTeamCountry "GER"]

1. Nf3 Nf6 2. d4 e6 3. Bg5 h6 4. Bh4 c5 5. c3 Nc6 6. e3 cxd4 7. exd4 d6 8. Nbd2 Be7 9. Bd3 0-0 10. 0-0 Nd5 11. Bg3 a6 12. Qe2 Nf6 13. h3 Re8 14. Rad1 Nd7 15. a3 Nf8 16. Rfe1 b6 17. Nc4 b5 18. Ne3 d5 19. Ng4 Bd6 20. Bxd6 Qxd6 21. Bb1 Ne7 22. Qd2 Bd7 23. Nfe5 Nf5 24. Ne3 Ne7 25. Qe2 f6 26. Nxd7 Qxd7 27. Qh5 Nc6 28. Ng4 Qf7 29. Qh4 f5 30. Nh2 Nd7 31. g4 Ne7 32. Qg3 f4 33. Qd3 Nf8 34. Nf3 Nc6 35. Kh2 Qf6 36. Rg1 g5 37. Rde1 Re7 38. Re2 Na5 39. Rge1 Rc8 40. Ba2 Nc4 41. Qc2 Rec7 42. Ne5 Nd6 43. Qd3 Nc4 44. Bb1 Nxe5 45. Rxe5 Rc6 46. Bc2 R8c7 47. Kg2 Rg7 48. R5e2 Ng6 49. f3 Nf8 50. Rd2 Rgc7 51. Qe2 Rg7 52. Qf2 Ng6 53. Bxg6 Rxg6 54. Rde2 Kf7 1/2-1/2

[Event "Regionalliga NO 1415"]
[Site "Bayern"]
[Date "2014.11.09"]
[Round "2.8"]
[White "Kiefer, Johannes"]
[Black "Boese, Klaus"]
[Result "1/2-1/2"]
[WhiteElo "1847"]
[BlackElo "1896"]
[PlyCount "31"]
[EventDate "2014.10.19"]
[EventType "team-tourn"]
[EventRounds "9"]
[EventCountry "GER"]
[SourceTitle "EXT 2018"]
[Source "ChessBase"]
[SourceDate "2017.10.13"]
[SourceVersion "1"]
[SourceVersionDate "2017.10.13"]
[SourceQuality "1"]
[WhiteTeam "Gunzenhausen"]
[BlackTeam "Bechhofen"]
[WhiteTeamCountry "GER"]
[BlackTeamCountry "GER"]

1. e4 c5 2. Nf3 e6 3. d4 cxd4 4. Nxd4 Nf6 5. Bd3 Nc6 6. Nxc6 bxc6 7. 0-0 d5 8. e5 Nd7 9. f4 g6 10. Nd2 Nc5 11. Be2 Qb6 12. Kh1 Ba6 13. Bxa6 Qxa6 14. b3 h5 15. Bb2 Rc8 16. Bd4 1/2-1/2

[Event "Regionalliga NO 1415"]
[Site "Bayern"]
[Date "2014.10.19"]
[Round "1.7"]
[White "Diehl, Achim"]
[Black "Boese, Klaus"]
[Result "1-0"]
[WhiteElo "1981"]
[BlackElo "1896"]
[PlyCount "67"]
[EventDate "2014.10.19"]
[EventType "team-tourn"]
[EventRounds "9"]
[EventCountry "GER"]
[SourceTitle "EXT 2018"]
[Source "ChessBase"]
[SourceDate "2017.10.13"]
[SourceVersion "1"]
[SourceVersionDate "2017.10.13"]
[SourceQuality "1"]
[WhiteTeam "Nuernberg Sued SW II"]
[BlackTeam "Bechhofen"]
[WhiteTeamCountry "GER"]
[BlackTeamCountry "GER"]

1. e4 c5 2. Nf3 e6 3. g3 b6 4. d3 Bb7 5. Bg2 Be7 6. Bf4 d6 7. Nc3 Nd7 8. 0-0 Ngf6 9. Nb5 e5 10. Bd2 0-0 11. Nh4 g6 12. c4 Nh5 13. Nf5 Ndf6 14. Nxe7+ Qxe7 15. f4 exf4 16. gxf4 Ng7 17. Bc3 Nfh5 18. Qd2 a6 19. f5 axb5 20. f6 Qe6 21. fxg7 Nxg7 22. Qh6 Nh5 23. cxb5 d5 24. d4 c4 25. e5 f6 26. Bb4 Rf7 27. exf6 Rxf6 28. Rfe1 Qg4 29. Re7 Qxd4+ 30. Kh1 Rf7 31. Rxf7 Kxf7 32. Rf1+ Ke8 33. Qf8+ Kd7 34. Qe7+ 1-0

[Event "Regionalliga NO 1314"]
[Site "Bayern"]
[Date "2014.03.16"]
[Round "8.4"]
[White "Boese, Klaus"]
[Black "Simunek, Filip"]
[Result "0-1"]
[WhiteElo "1909"]
[BlackElo "2162"]
[PlyCount "106"]
[EventDate "2013.10.13"]
[EventType "team-tourn"]
[EventRounds "9"]
[EventCountry "GER"]
[SourceTitle "EXT 2015"]
[Source "ChessBase"]
[SourceDate "2014.11.20"]
[SourceVersion "1"]
[SourceVersionDate "2014.11.20"]
[SourceQuality "1"]
[WhiteTeam "Bechhofen"]
[BlackTeam "Bad Koetzting"]
[WhiteTeamCountry "GER"]
[BlackTeamCountry "GER"]

1. d4 f5 2. Nc3 d5 3. Bf4 c6 4. e3 Nf6 5. Bd3 e6 6. Nf3 Be7 7. Ne5 Nbd7 8. h3 Nxe5 9. Bxe5 0-0 10. 0-0 Qe8 11. Ne2 b5 12. c3 Nd7 13. Bh2 Bg5 14. a4 Ba6 15. Nf4 Bh6 16. axb5 Bxb5 17. Bxb5 cxb5 18. Ra6 Bxf4 19. Bxf4 Nb6 20. Qb3 Rf7 21. Qb4 Rc8 22. Ra5 Nc4 23. Rxb5 a5 24. Rxa5 Nxa5 25. Qxa5 Rb7 26. Qa1 Ra8 27. Qc1 Qc6 28. Qc2 Ra2 29. Rb1 Qc4 30. Bd6 Qb3 31. Qxb3 Rxb3 32. g4 fxg4 33. hxg4 Rbxb2 34. Rxb2 Rxb2 35. Kg2 Rc2 36. Bb4 Kf7 37. Kg3 Kf6 38. Ba5 h6 39. Bd8+ Kf7 40. Ba5 g6 41. Kf3 h5 42. gxh5 gxh5 43. Bd8 Rxc3 44. Kg3 Rc8 45. Bg5 Kg6 46. Bf4 Rc1 47. Kh3 Rd1 48. Be5 Kf5 49. Bg3 Ke4 50. Kg2 Ra1 51. Bf4 Ra2 52. Kg3 h4+ 53. Kg2 h3+ 0-1

[Event "Regionalliga NO 1112"]
[Site "Bayern"]
[Date "2012.03.18"]
[Round "8.6"]
[White "Boese, Klaus"]
[Black "Bachstein, Dustin"]
[Result "1-0"]
[WhiteElo "1951"]
[BlackElo "2041"]
[PlyCount "68"]
[EventDate "2011.10.02"]
[EventType "team-tourn"]
[EventRounds "9"]
[EventCountry "GER"]
[SourceTitle "EXT 2015"]
[Source "ChessBase"]
[SourceDate "2014.11.20"]
[SourceVersion "1"]
[SourceVersionDate "2014.11.20"]
[SourceQuality "1"]
[WhiteTeam "Bechhofen"]
[BlackTeam "Erlangen"]
[WhiteTeamCountry "GER"]
[BlackTeamCountry "GER"]

1. d4 Nf6 2. Nf3 g6 3. Bf4 Bg7 4. e3 0-0 5. Nbd2 d6 6. Bc4 Nh5 7. Bg5 c6 8. c3 Qc7 9. h3 b5 10. Bb3 Bb7 11. Bh4 h6 12. g4 Nf6 13. Qe2 Nbd7 14. g5 hxg5 15. Nxg5 c5 16. Rg1 cxd4 17. cxd4 e5 18. dxe5 Nxe5 19. f4 Nc4 20. Nxc4 bxc4 21. Qxc4 Qb6 22. Qe2 Ne4 23. Nxe4 Bxe4 24. Rd1 Bxb2 25. Kf2 Bg7 26. Be7 Rfe8 27. Bxd6 Rac8 28. Ba3 Qf6 29. Rd7 Qh4+ 30. Rg3 Red8 31. Rxf7 Bd5 32. Rxa7 Bxb3 33. Be7 Qh7 34. axb3 Bc3 1-0

[Event "Regionalliga NO 1112"]
[Site "Bayern"]
[Date "2012.02.05"]
[Round "6.6"]
[White "Fiedler, Wolfgang"]
[Black "Boese, Klaus"]
[Result "1/2-1/2"]
[WhiteElo "1939"]
[BlackElo "1951"]
[PlyCount "35"]
[EventDate "2011.10.02"]
[EventType "team-tourn"]
[EventRounds "9"]
[EventCountry "GER"]
[SourceTitle "EXT 2013"]
[Source "ChessBase"]
[SourceDate "2012.11.22"]
[SourceVersion "1"]
[SourceVersionDate "2012.11.22"]
[SourceQuality "1"]
[WhiteTeam "Forchheim II"]
[BlackTeam "Bechhofen"]
[WhiteTeamCountry "GER"]
[BlackTeamCountry "GER"]

1. Nf3 b6 2. g3 Bb7 3. Bg2 Nf6 4. c4 e6 5. Nc3 c5 6. 0-0 Be7 7. d3 0-0 8. h3 a6 9. Rb1 Qc7 10. Bf4 d6 11. g4 Nbd7 12. e4 Ne5 13. Nxe5 dxe5 14. Bg3 Rfd8 15. Qe2 Bd6 16. Bh4 Be7 17. Bg3 Bd6 18. Bh4 1/2-1/2

[Event "Regionalliga NO 1011"]
[Site "Bayern"]
[Date "2011.03.20"]
[Round "8.8"]
[White "Boese, Klaus"]
[Black "Angerer, Martin"]
[Result "1/2-1/2"]
[WhiteElo "1961"]
[BlackElo "1909"]
[PlyCount "89"]
[EventDate "2010.10.10"]
[EventType "team-tourn"]
[EventRounds "9"]
[EventCountry "GER"]
[SourceTitle "EXT 2012"]
[Source "ChessBase"]
[SourceDate "2011.11.24"]
[SourceVersion "1"]
[SourceVersionDate "2011.11.24"]
[SourceQuality "1"]
[WhiteTeam "Bechhofen"]
[BlackTeam "Weiden"]
[WhiteTeamCountry "GER"]
[BlackTeamCountry "GER"]

1. Nf3 Nf6 2. b3 d6 3. Bb2 e5 4. e3 Be7 5. d4 e4 6. Nfd2 d5 7. Be2 0-0 8. 0-0 Re8 9. Re1 Bd6 10. Nf1 c6 11. c4 Nbd7 12. Ba3 Bc7 13. Nc3 a6 14. Rc1 Nf8 15. cxd5 cxd5 16. Qc2 Ne6 17. f4 Bd7 18. b4 Rc8 19. Qb3 Bc6 20. Na4 Qd7 21. Bd1 g6 22. h3 Nh5 23. Bb2 Nhg7 24. Nc3 Nf5 25. Nb1 Bb6 26. Kh2 Bb5 27. Rxc8 Rxc8 28. Nbd2 Qc6 29. Be2 Ba4 30. Qa3 Qd7 31. Rc1 Rxc1 32. Bxc1 Qc6 33. Bb2 Qc2 34. Qc3 Qxc3 35. Bxc3 Bc7 36. g3 h5 37. Kg2 Nd6 38. Kf2 Bb6 39. Nb1 Nb5 40. Nfd2 Nd6 41. Bb2 Nc7 42. Nc3 Bd7 43. g4 hxg4 44. hxg4 Ba7 45. Nb3 1/2-1/2

[Event "Regionalliga NO 1011"]
[Site "Bayern"]
[Date "2011.02.06"]
[Round "6.5"]
[White "Leopold, Christian"]
[Black "Boese, Klaus"]
[Result "1-0"]
[WhiteElo "1982"]
[BlackElo "1961"]
[PlyCount "33"]
[EventDate "2010.10.10"]
[EventType "team-tourn"]
[EventRounds "9"]
[EventCountry "GER"]
[SourceTitle "EXT 2012"]
[Source "ChessBase"]
[SourceDate "2011.11.24"]
[SourceVersion "1"]
[SourceVersionDate "2011.11.24"]
[SourceQuality "1"]
[WhiteTeam "Lauf"]
[BlackTeam "Bechhofen"]
[WhiteTeamCountry "GER"]
[BlackTeamCountry "GER"]

1. e4 d6 2. d4 g6 3. Nc3 Bg7 4. Be3 Nf6 5. Qd2 Ng4 6. Bg5 h6 7. Bh4 Na6 8. f4 c6 9. h3 Nf6 10. Nf3 Qc7 11. Bd3 b6 12. e5 Nd5 13. Nxd5 cxd5 14. Bb5+ Kf8 15. 0-0 Nb8 16. Rae1 Bd7 17. Bxe7+ 1-0

[Event "Regionalliga NO 1011"]
[Site "Bayern"]
[Date "2011.01.16"]
[Round "5.6"]
[White "Schindler, Gernot"]
[Black "Boese, Klaus"]
[Result "0-1"]
[WhiteElo "1876"]
[BlackElo "1961"]
[PlyCount "88"]
[EventDate "2010.10.10"]
[EventType "team-tourn"]
[EventRounds "9"]
[EventCountry "GER"]
[SourceTitle "EXT 2012"]
[Source "ChessBase"]
[SourceDate "2011.11.24"]
[SourceVersion "1"]
[SourceVersionDate "2011.11.24"]
[SourceQuality "1"]
[WhiteTeam "Kelheim II"]
[BlackTeam "Bechhofen"]
[WhiteTeamCountry "GER"]
[BlackTeamCountry "GER"]

1. c4 g6 2. g3 Bg7 3. Bg2 f5 4. Nc3 Nf6 5. d4 0-0 6. Nf3 d6 7. 0-0 e6 8. Qc2 Nc6 9. a3 Qe8 10. Nb5 Rf7 11. d5 Nd8 12. Rd1 exd5 13. Ng5 Re7 14. Be3 h6 15. Nh3 a6 16. Nd4 c5 17. Nb3 d4 18. Bf4 Rxe2 19. Qd3 Nf7 20. Rab1 Re7 21. Bd2 Ne5 22. Qf1 Be6 23. Na5 Rb8 24. f4 Neg4 25. b4 Ne4 26. Qd3 b6 27. Nb3 Qf7 28. Rdc1 Bd7 29. Bf3 Ngf6 30. Nf2 Bc6 31. Rb2 Rbe8 32. Kg2 Nxf2 33. Kxf2 Be4 34. Qf1 Bxf3 35. Kxf3 Ng4 36. Be1 Nxh2+ 37. Rxh2 Re3+ 38. Kg2 Rxb3 39. bxc5 bxc5 40. a4 Rb2+ 41. Kg1 Rxh2 42. Kxh2 Qe6 43. Kg2 Qe4+ 44. Qf3 Rb8 0-1

[Event "Regionalliga NO 1011"]
[Site "Bayern"]
[Date "2010.10.10"]
[Round "1.4"]
[White "Boese, Klaus"]
[Black "Klimpel, Thomas"]
[Result "0-1"]
[WhiteElo "1961"]
[BlackElo "2116"]
[PlyCount "54"]
[EventDate "2010.10.10"]
[EventType "team-tourn"]
[EventRounds "9"]
[EventCountry "GER"]
[SourceTitle "EXT 2012"]
[Source "ChessBase"]
[SourceDate "2011.11.24"]
[SourceVersion "1"]
[SourceVersionDate "2011.11.24"]
[SourceQuality "1"]
[WhiteTeam "Bechhofen"]
[BlackTeam "Kareth Lappersdorf"]
[WhiteTeamCountry "GER"]
[BlackTeamCountry "GER"]

1. d4 Nf6 2. Nf3 c5 3. e3 e6 4. g3 b6 5. Bg2 Bb7 6. 0-0 Be7 7. b3 d6 8. Bb2 Nbd7 9. c4 Qc7 10. Nbd2 Rd8 11. Qe2 Rb8 12. e4 cxd4 13. Nxd4 h5 14. h4 Ne5 15. Rfe1 Nfd7 16. Bh3 Nc5 17. Bc3 g5 18. hxg5 h4 19. f4 hxg3 20. Qg2 Ned3 21. Qxg3 Nxf4 22. Bxe6 fxe6 23. Nxe6 Ncxe6 24. Bxh8 Kd7 25. Be5 dxe5 26. Nf3 Bc5+ 27. Kf1 Rh8 0-1

[Event "Regionalliga NO 0809"]
[Site "Bayern"]
[Date "2009.02.01"]
[Round "6.6"]
[White "Kues, Manuel"]
[Black "Boese, Klaus"]
[Result "1-0"]
[WhiteElo "1836"]
[BlackElo "1953"]
[PlyCount "73"]
[EventDate "2008.10.05"]
[EventType "team-tourn"]
[EventRounds "9"]
[EventCountry "GER"]
[SourceTitle "EXT 2020"]
[Source "ChessBase"]
[SourceDate "2019.10.17"]
[SourceVersion "1"]
[SourceVersionDate "2019.10.17"]
[SourceQuality "1"]
[WhiteTeam "Kareth Lappersdorf"]
[BlackTeam "Bechhofen"]
[WhiteTeamCountry "GER"]
[BlackTeamCountry "GER"]

1. e4 c5 2. Nf3 e6 3. d4 cxd4 4. Nxd4 a6 5. Nc3 Qc7 6. Be2 Nf6 7. 0-0 b6 8. Bf3 e5 9. Nf5 d6 10. Bg5 Nbd7 11. Ne3 Bb7 12. Ned5 Nxd5 13. Nxd5 Bxd5 14. Qxd5 Rc8 15. Be2 b5 16. Rac1 Nb6 17. Qd3 Be7 18. Bxe7 Kxe7 19. Qg3 Rcg8 20. f4 Qc5+ 21. Kh1 f6 22. c4 b4 23. fxe5 dxe5 24. Rcd1 Kf7 25. Qh3 h5 26. Qf5 Qc8 27. Bxh5+ Ke7 28. Qg6 Qe6 29. c5 Rh6 30. Qg4 Nc4 31. Qxe6+ Kxe6 32. Bg4+ Ke7 33. Rd7+ Ke8 34. c6 f5 35. Bxf5 Rxc6 36. Rb7 Ne3 37. Bd7+ 1-0

[Event "Regionalliga NO 0809"]
[Site "Bayern"]
[Date "2009.01.18"]
[Round "5.5"]
[White "Bunk, Karsten"]
[Black "Boese, Klaus"]
[Result "1-0"]
[WhiteElo "2010"]
[BlackElo "1953"]
[PlyCount "59"]
[EventDate "2008.10.05"]
[EventType "team-tourn"]
[EventRounds "9"]
[EventCountry "GER"]
[SourceTitle "EXT 2020"]
[Source "ChessBase"]
[SourceDate "2019.10.17"]
[SourceVersion "1"]
[SourceVersionDate "2019.10.17"]
[SourceQuality "1"]
[WhiteTeam "Nuernberg Sued SW"]
[BlackTeam "Bechhofen"]
[WhiteTeamCountry "GER"]
[BlackTeamCountry "GER"]

1. e4 g6 2. d4 d6 3. Nc3 Bg7 4. Be3 Nf6 5. h3 e6 6. Qd2 Qe7 7. 0-0-0 Bd7 8. Nf3 h6 9. g4 a6 10. g5 hxg5 11. Bxg5 Qf8 12. Bg2 Nh5 13. Nh2 Bh6 14. Ng4 Bxg5 15. Qxg5 Qe7 16. Qd2 Nc6 17. d5 Na7 18. e5 0-0-0 19. exd6 Qxd6 20. Kb1 Qf4 21. Qe1 Nb5 22. Ne2 Qg5 23. Qb4 f5 24. f4 Qh4 25. a4 Na7 26. Ne5 Qf2 27. dxe6 Qxg2 28. exd7+ Rxd7 29. Nxd7 Qxe2 30. Qd4 1-0

[Event "Mittelfranken-ch HT 57th"]
[Site "Bechhofen"]
[Date "2008.03.20"]
[Round "6.9"]
[White "Boese, Klaus"]
[Black "Werner, Thomas1111"]
[Result "1/2-1/2"]
[WhiteElo "1963"]
[BlackElo "1870"]
[PlyCount "38"]
[EventDate "2008.03.18"]
[EventType "swiss"]
[EventRounds "9"]
[EventCountry "GER"]
[SourceTitle "EXT 2011"]
[Source "ChessBase"]
[SourceDate "2010.11.26"]
[SourceVersion "1"]
[SourceVersionDate "2010.11.26"]
[SourceQuality "1"]

1. c4 c6 2. d4 d5 3. Nc3 Nf6 4. Nf3 e6 5. e3 Nbd7 6. cxd5 exd5 7. Bd3 Bd6 8. Qc2 0-0 9. Ne2 Re8 10. Ng3 Nf8 11. a3 Qe7 12. Nf5 Bxf5 13. Bxf5 Ne4 14. Nd2 Nxf2 15. 0-0 Ne4 16. Nxe4 dxe4 17. g3 Nd7 18. Bd2 Nf6 19. Rf2 g6 1/2-1/2

[Event "Mittelfranken-ch HT 57th"]
[Site "Bechhofen"]
[Date "2008.03.20"]
[Round "7.9"]
[White "Leopold, Christian"]
[Black "Boese, Klaus"]
[Result "1/2-1/2"]
[WhiteElo "1967"]
[BlackElo "1963"]
[PlyCount "151"]
[EventDate "2008.03.18"]
[EventType "swiss"]
[EventRounds "9"]
[EventCountry "GER"]
[SourceTitle "EXT 2011"]
[Source "ChessBase"]
[SourceDate "2010.11.26"]
[SourceVersion "1"]
[SourceVersionDate "2010.11.26"]
[SourceQuality "1"]

1. e4 c5 2. Nc3 d6 3. g3 g6 4. Bg2 Bg7 5. d3 Nc6 6. Be3 e6 7. Qd2 Rb8 8. Nge2 Nd4 9. 0-0 Ne7 10. Nc1 d5 11. exd5 exd5 12. Bf4 Ra8 13. Nb3 Ne6 14. Bh6 0-0 15. Bxg7 Kxg7 16. Rfe1 a6 17. Qe2 Qd6 18. Qe5+ Qxe5 19. Rxe5 Nc6 20. Re2 Ncd4 21. Nxd4 Nxd4 22. Rd2 Bg4 23. f4 Rfd8 24. Nxd5 Nf3+ 25. Bxf3 Bxf3 26. Nc3 Bc6 27. Kf2 Rd7 28. Re2 Rad8 29. Rae1 Rd4 30. Re7 Kf8 31. b3 R4d7 32. Rxd7 Rxd7 33. Ne4 Rc7 34. Re2 b6 35. g4 h6 36. g5 h5 37. Nf6 a5 38. Re5 a4 39. Nd5 Rb7 40. Ke3 axb3 41. axb3 Bxd5 42. Rxd5 Ke7 43. d4 Ke6 44. Ke4 cxd4 45. Kxd4 Rc7 46. c4 Ra7 47. Re5+ Kd6 48. Re2 Ra1 49. Rf2 Rd1+ 50. Kc3 Rh1 51. Kb4 Kc6 52. f5 gxf5 53. Rxf5 Rxh2 54. Rf6+ Kb7 55. Rxf7+ Ka6 56. Rh7 h4 57. Rh6 Rg2 58. Rxh4 Rxg5 59. Rd4 Rg1 60. Rd7 Rg6 61. Rc7 Rh6 62. Ka4 Rh1 63. b4 Ra1+ 64. Kb3 Rb1+ 65. Kc3 Rc1+ 66. Kd4 Rd1+ 67. Ke5 Rd2 68. b5+ Ka5 69. Rc6 Rd1 70. Rd6 Re1+ 71. Kd5 Rc1 72. Re6 Rc2 73. Re4 Rh2 74. Rd4 Rh6 75. Re4 Rg6 76. Re6 1/2-1/2